Регионална библиотека "Любен Каравелов" - Русе

Детската природа (Запис номер 134292)

MARC детайли
000 -Лидер
Контролно поле с фиксирана дължина 02073nam a2200409 c 4500
003 - Код на организацията, давaща контролен номер
Контролно поле BLK
005 - Дата и час на последна редакция
Контролно поле 20210322142432.0
008 - Елементи от данни с фиксирана дължина
fixed length control field 180409b bul|||||r ||||||| ||bul||
010 ## - Наследен системен номер
LC control number KNG00140200000
040 ## - Източник на каталожния запис
Идентификатор на билиотеката - собственик на записа BLK
041 ## - Код за език
Код за езика на текст/звукозапис или на отделно заглавие Български
Код за езика КДБФ Български
072 #7 - Код за тематичната категория
Код организация bullib
Код за тематична категория Ц
Текст Редки и ценни
080 ## - УДК
Текстов определител УДК Психология на детската възраст. Интелектуално развитие на децата. Психически особености. Детски представи, описани в разкази
УДК код - определител по УДК 159.922.7
УДК - код + определител 159.922.7
080 ## - УДК
Текстов определител УДК Основни форми на възпитание и образование
УДК код - определител по УДК 37.018
УДК - код + определител 37.018
100 1# - Редна дума - Автор
Автор Каптерев, Петър Фьодорович
Авторска отговорност първи автор
R(LIN) 324340
139 ## - Редно поле
Редна дума Каптерев, Петър Фьодорович
Авторски знак Кап - К 26
245 10 - Сведения за заглавието
Заглавие Детската природа
Редно поле (дума) Петър Фьодорович Каптерев; прев. от рус. Досьо Негенцов.
257 ## - Страна на издаване
Страна на създаване/издаване Русия
260 ## - Област на издателските данни
Място на издаване, разпространение и проч. Габрово
Име на издателя, разпространителя и проч. книж. Наука
Година на издаване 1901
Печатница Габрово : друж. печ. Заря
300 ## - Физическа характеристика
Страници 55 с.
Размери/Мащаб 19 см
380 ## - Жанр
Жанр Философия
490 1# - СЕРИИ (Колекции)
Име на серия Библиотека на сп. Право дело
№: серия № 5
490 ## - СЕРИИ (Колекции)
Име на серия Колекция Редки и ценни издания
9 (RLIN) 435080
501 ## - Забележка „подвързано към”
Забележка: Подвързано към... Екз. с инв. № 767380 е подв. към Из царството на лъжите / Макс Нордау със сигн. Рб 899 с инв. № 13313-а.
650 #4 - Допълнително описание по предмет – тема
Основно описание – тема или топоним Детска и педагогическа психология
9 (RLIN) 244538
650 #4 - Допълнително описание по предмет – тема
Основно описание – тема или топоним Възпитание - форми и средства
9 (RLIN) 247410
650 #4 - Допълнително описание по предмет – тема
Основно описание – тема или топоним Деца - психология и възпитание
9 (RLIN) 247409
653 ## - Ключова дума – ненормативна
Ключова дума детска психология
653 ## - Ключова дума – ненормативна
Ключова дума възпитание
653 ## - Ключова дума – ненормативна
Ключова дума педагогическа психология
659 ## - Тематичен бюлетин
Тематичен бюлетин Ц
700 1# - Други автори (авторска отговорност)
Лично име Негенцов, Досьо
Автороска отговорност (Описва отношението между автора и произведението) прев. от рус.
9 (RLIN) 324341
852 ## - Местоположение
Форматна сигнатура Рб 899
Фондова буква Редки и ценни
852 ## - Местоположение
Форматна сигнатура Цб 3.195.13015
Фондова буква Хранилище
856 4# - Електронен адрес и достъп
Електронен формат pdf - файл
856 4# - Електронен адрес и достъп
Електронен формат pdf - файл
999 ## - СИСТЕМНИ КОНТРОЛНИ НОМЕРА
Koha biblionumber 134292
Koha biblioitemnumber 134292
942 ## - АРТИКУЛИ
Вид на библиотечния материал Книги
Скрит в OPAC Не
Периодичен библиозапис Да
944 ## - СЪЗДАВАНЕ И РЕДАКЦИЯ на ЗАПИСА
Създаване/Редакция Създаване
Дата на регистрацията/редакция 01.03.2013
Статус, дата на статуса ф / 01.03.2013
Служител, извършил регистрацията/редакцията Людмила_Стоянова
944 ## - СЪЗДАВАНЕ И РЕДАКЦИЯ на ЗАПИСА
Създаване/Редакция Редакция
Дата на регистрацията/редакция 21.10.2013
Статус, дата на статуса ф / 01.03.2013
999 ## - СИСТЕМНИ КОНТРОЛНИ НОМЕРА
Koha biblioitemnumber 134292
999 ## - СИСТЕМНИ КОНТРОЛНИ НОМЕРА
Koha biblioitemnumber 134292
999 ## - СИСТЕМНИ КОНТРОЛНИ НОМЕРА
Koha biblioitemnumber 134292
Наличности
Код за отписване Код за изгубен артикул Източник на класификационната схема Код за повреда Код за отдаване Артикулен № Име на библиотеката - собственик Име на библиотеката, в която се намира в момента Статус (Текущо местоположение) Дата на вписване в системата Местоположение - отдел Цена в лева Инвентарен номер Систематично азбучна сигнатура Баркод Номер на екземпляра Цена в евро Служебна бележка Служебен тип на артикула Коз за рестрикции
  Не е изгубен Universal Decimal Classification Не е повреден Специални фондове ( старопечатни, редки и ценни, фонд М. Арнаудов) 219258 Регионална библиотека "Любен Каравелов" Русе Регионална библиотека "Любен Каравелов" Русе Редки и ценни 2013-06-25 Редки и ценни 20.00 120000767380 Рб 899 120000767380 1 10.23 Дост: DA Вид: А N: 14 Дата: 25.06.2013 Книги  
  Не е изгубен Universal Decimal Classification Не е повреден ползва се в читалня 817844 Регионална библиотека "Любен Каравелов" Русе Регионална библиотека "Любен Каравелов" Русе Хранилище 2021-03-26 Основен фонд - ползва се само за читалня 0.05 13015 Цб 3.195.13015 900000049521   0.03   Книги само за читалня
Vip Innovations Ltd, Rousse, Bulgaria 2025